Текст томруулах:    
FAO yearbook (Бичлэгийн дугаар. 145334)
000 -УДИРДЛАГА
Удирдлага 00902nam a22003017a 4500
003 - ХЯНАЛТЫН ТОО ТОДОРХОЙЛОГЧ
Код MN-UlNUM
005 - БИЧИЛТ ХИЙСЭН ОГНОО
Тухайн бичилтийг бичсэн засварласан сүүлийн огноо 20251106091910.0
008 - ЕРӨНХИЙ МЭДЭЭЛЭЛ
Ерөнхий мэдээлэл 251106s1991 it ar s i0 a0eng
020 ## - ISBN
ISBN 9250031947
022 ## - ISSN
ISSN 00717118
040 ## - БИЧЛЭГ ҮҮСГЭГЧ БАЙГУУЛЛАГА
Бичлэг үүсгэгч номын сангийн код МУИС-ийн номын сан
084 ## - ББК АНГИЛАЛ
Нэмэлт тусгалт Номзүйн гарын авлага, лавлах хэвлэл
ББК ангилал 65.321
Зохиогчийн гурван тэмдэгт P 93
Мэдлэгийн ялгаа 65 - Эдийн засаг
245 00 - ҮНДСЭН ГАРЧИГ
Номын нэр FAO yearbook
Ботийн нэр Production
246 3# - ЗЭРЭГЦЭЭ ГАРЧИГ
Зэрэгцээ гарчиг Food and Agriculture Organization of the United Nations yearbook. Production
260 ## - ГАРАЛТЫН МЭДЭЭ
Хэвлэгдсэн газар Rome :
Хэвлэлийн газар Food and Agriculture Organization of the United Nations
Хэвлэгдсэн он 1991
300 ## - МАТЕРИАЛЫН ТОДОРХОЙЛОЛТ
хуудасны тоо xiix, 265 p.
Хэмжээ 29 cm
490 ## - БОТЬ / ЦУВРАЛЫН ТУХАЙ МЭДЭЭ
Боть / цувралын зохиогч FAO statistics series
Боть / цувралын дугаар Vol. 45
ISSN 00717118
490 ## - БОТЬ / ЦУВРАЛЫН ТУХАЙ МЭДЭЭ
Боть / цувралын зохиогч Collection FAO. Statistiques
500 ## - Тайлбар
Дансны дугаар БС 5662
520 ## - Хэл
Бичвэрийн хэл English, French, and Spanish
546 ## - ХЭЛНИЙ ТУХАЙ МЭДЭЭ
Хэл Англи хэл дээр,
653 ## - Түлхүүр үг
Түлхүүр үг agriculture
653 ## - Түлхүүр үг
Түлхүүр үг economic aspects
653 ## - Түлхүүр үг
Түлхүүр үг statistics
653 ## - Түлхүүр үг
Түлхүүр үг produce trade
942 ## - ЭЛЕМЕНТИЙН ТӨРӨЛ
Зүйлийн төрөл Ном